| 000 | 00000cam 2200000zi 4500 |
| 001 | 9.958128 |
| 003 | CaOODSP |
| 005 | 20251210141316 |
| 006 | m o d f |
| 007 | cr bn||||||||| |
| 008 | 251210s2025 onc ol f000 0 eng d |
| 040 | |aCaOODSP|beng|erda|cCaOODSP |
| 041 | 0 |aeng|afre |
| 043 | |an-cn--- |
| 086 | 1 |aXB451-16/1-PDF |
| 110 | 1 |aCanada. |bParliament. |bHouse of Commons, |eissuing body. |
| 245 | 13|aAn Act to amend certain Acts in relation to criminal and correctional matters (child protection, gender-based violence, delays and other measures) = |bLoi modifiant certaines lois en matière pénale et correctionnelle (protection de l'enfance, violence fondée sur le sexe, délais et autres mesures). |
| 246 | 11|aLoi modifiant certaines lois en matière pénale et correctionnelle (protection de l'enfance, violence fondée sur le sexe, délais et autres mesures) |
| 246 | 1 |iShort title: |aProtecting Victims Act |
| 264 | 1|a[Ottawa] : |bHouse of Commons of Canada = Chambre des communes du Canada, |c2025. |
| 300 | |a1 online resource (vii, 157 pages). |
| 336 | |atext|btxt|2rdacontent |
| 337 | |acomputer|bc|2rdamedia |
| 338 | |aonline resource|bcr|2rdacarrier |
| 490 | 1 |aBill C-... ; |vBill C-16, 1st Session, 45th Parliament |
| 500 | |a"First Session, Forty-fifth Parliament, 3-4 Charles III, 2025." |
| 500 | |a"Bill C-16." |
| 500 | |a"First reading, December 9, 2025." |
| 500 | |a"Minister of Justice." |
| 500 | |a"91241." |
| 505 | 0 |aSummary -- Table of provisions -- Short title -- Criminal Code -- Youth Criminal Justice Act -- Canadian Victims Bill of Rights -- National Defence Act -- An Act respecting the mandatory reporting of Internet child sexual abuse and exploitation material by persons who provide an Internet service -- Firearms Act -- Corrections and Conditional Release Act -- Mutual Legal Assistance in Criminal Matters Act -- Coordinating amendments -- Coming into force. |
| 546 | |aText in English and French. |
| 650 | 0|aSex crimes|xLaw and legislation|zCanada. |
| 650 | 0|aIntimate partner violence|xLaw and legislation|zCanada. |
| 650 | 0|aChild sexual abuse|xLaw and legislation|zCanada. |
| 650 | 0|aGender-based violence|xLaw and legislation|zCanada. |
| 650 | 0|aHomicide|xLaw and legislation|zCanada. |
| 650 | 0|aWomen|xCrimes against|xLaw and legislation|zCanada. |
| 650 | 0|aChildren|xCrimes against|xLaw and legislation|zCanada. |
| 650 | 0|aSexual abuse victims|xLegal status, laws, etc.|zCanada. |
| 650 | 0|aVictims of violent crimes|xLegal status, laws, etc.|zCanada. |
| 655 | 7|aLegislative bills|2lcgft |
| 788 | |tAn Act to amend certain Acts in relation to criminal and correctional matters (child protection, gender-based violence, delays and other measures) = |efre|w(CaOODSP)9.958132 |
| 830 | #0|aBill C-...|vBill C-16, 1st Session, 45th Parliament.|w(CaOODSP)9.500659 |
| 856 | 40|qPDF|s1.69 MB|uhttps://publications.gc.ca/collections/collection_2025/parl/XB451-16-1.pdf |
| 856 | 4 |qHTML|sN/A|uhttps://www.parl.ca/documentviewer/en/45-1/bill/C-16/first-reading?col=2 |